Tejidos de sentido : (Registro nro. 4593)

Detalles MARC
000 -LEADER
fixed length control field 00976nam a2200241Ia 4500
003 - CONTROL NUMBER IDENTIFIER
control field OSt
005 - DATE AND TIME OF LATEST TRANSACTION
control field 20200407185416.0
008 - FIXED-LENGTH DATA ELEMENTS--GENERAL INFORMATION
fixed length control field 191128s2011 ck a gr 000 0 spa d
020 ## - INTERNATIONAL STANDARD BOOK NUMBER
International Standard Book Number 9789586441629
040 ## - CATALOGING SOURCE
Original cataloging agency CO-JMCR
Transcribing agency CO-JMCR
041 0# - LANGUAGE CODE
Language code of text/sound track or separate title spa
082 04 - DEWEY DECIMAL CLASSIFICATION NUMBER
Classification number 323.04 /
Item number F175t
Edition number 21
100 1# - MAIN ENTRY--PERSONAL NAME
Personal name Fajardo Maldonado, Sandra,
Relator term editora
9 (RLIN) 2728
245 10 - TITLE STATEMENT
Title Tejidos de sentido :
Remainder of title trayectorias de educación en derechos humanos en Bogotá /
Statement of responsibility, etc. editores, Sandra Fajardo Maldonado, Nathalia Garzón Hernández y Dario Sánchez Mojica
260 ## - PUBLICATION, DISTRIBUTION, ETC.
Place of publication, distribution, etc. Bogotá :
Name of publisher, distributor, etc. Cinep,
Date of publication, distribution, etc. 2011
300 ## - PHYSICAL DESCRIPTION
Extent 339 páginas :
Other physical details ilustraciones a blanco y negro ;
Dimensions 22 cm.
504 ## - BIBLIOGRAPHY, ETC. NOTE
Bibliography, etc. note Bibliografía : Página 332
505 0# - FORMATTED CONTENTS NOTE
Formatted contents note Transversalidades -- Escenarios -- Narraciones -- Sujetos -- Perfiles docentes
650 14 - SUBJECT ADDED ENTRY--TOPICAL TERM
Topical term or geographic name entry element Derechos humanos
General subdivision enseñanza
Geographic subdivision Bogotá
9 (RLIN) 2729
700 1# - ADDED ENTRY--PERSONAL NAME
Personal name Garzón Hernández, Nathalia,
Relator term editora
9 (RLIN) 2730
700 1# - ADDED ENTRY--PERSONAL NAME
Personal name Sánchez Mojica, Dario,
Relator term editor
9 (RLIN) 2731
942 ## - ADDED ENTRY ELEMENTS (KOHA)
Source of classification or shelving scheme Dewey Decimal Classification
Koha item type Books
Existencias
Withdrawn status Lost status Source of classification or shelving scheme Damaged status Not for loan Collection code Home library Current library Date acquired Source of acquisition Cost, normal purchase price Total Checkouts Full call number Barcode Date last seen Copy number Koha item type
    Dewey Decimal Classification     Non-fiction Biblioteca Pública José María del Castillo y Rada Biblioteca Pública José María del Castillo y Rada 04/15/2018 Donación 0.00   323.04 / F175t 201809597 05/16/2024 Ej.1 Books